Jugadores de fútbol por una pista #4 - Estadísticas

Estadísticas generales
  • Esta prueba ha sido intentada 453 veces
  • La puntuación promedio es 7 de 15
Estadísticas de respuestas
Pista Jugador % Correcto
Jugador conocido como "El Fideo" Ángel Di María
97%
A este jugador le mordió Luis Suárez durante un partido del Mundial de Brasil Giorgio Chiellini
81%
Premio Príncipe de Asturias del Deporte en el año 2012 Iker Casillas / Xavi
72%
MVP de la final de la UEFA Champions League 2018 Gareth Bale
71%
Jugador español con más apariciones en el XI Mundial de la FIFA/FIFPro Sergio Ramos
64%
Jugador brasileño que destacaba por su gran habilidad para lanzar faltas Juninho
61%
Campeón del mundo con Alemania, llegó al Manchester United desde el Bayern de Münich en verano de 2015 Bastian Schweinsteiger
51%
MVP de la Eurocopa 2020 Gianluigi Donnarumma
50%
Tras despuntar con el Rayo Vallecano fichó por el Swansea, y en su primera temporada en la Premier League anotó 18 goles Michu
46%
Mediocentro danés que militó en el Real Madrid entre 2005 y 2006 Thomas Gravesen
44%
Su gol en la final de la UEFA Champions League de 2006 le dio el título al F.C. Barcelona Juliano Belletti
39%
Siendo uno de los jóvenes con más proyección de Europa, una lesión de ligamento cruzado ante el Schalke 04 en 2014, cambió su carrera para siempre Jesé
27%
Jugador que más partidos ha disputado con la Selección Alemana Lothar Matthäus
24%
Primer jugador africano que fue nombrado jugador del año en la Premier League Riyad Mahrez
9%
Este jugador italiano es el que más veces ha vestido la camiseta de la Fiorentina Giancarlo Antognoni
4%
No se encontraron pruebas coincidentes
Distribución de puntuación
Porcentaje de gente con cada puntuación
Porcentaje por número respondido
Historial de tus puntuaciones
No has intentado esta prueba.